Central Library OPAC University of Rajshahi

Annals and antiquities of Rajastʾhan or the Central and Western Rajpoot States of India / (Record no. 25933)

MARC details
000 -LEADER
fixed length control field 00991cam a2200277 4500
001 - CONTROL NUMBER
control field 25933
003 - CONTROL NUMBER IDENTIFIER
rucl marc code BD-RjUL
005 - DATE AND TIME OF LATEST TRANSACTION
control field 20211209050940.0
008 - FIXED-LENGTH DATA ELEMENTS--GENERAL INFORMATION
fixed length control field 140219r19711829ii b b 001 0 eng
035 ## - SYSTEM CONTROL NUMBER
System control number (BD-RjUL)26003
040 ## - CATALOGING SOURCE
Original cataloging agency DLC
Transcribing agency DLC
Modifying agency BD-RjUL
Language of cataloging eng
041 ## - LANGUAGE CODE
Language code of text/sound track or separate title eng
082 00 - DEWEY DECIMAL CLASSIFICATION NUMBER
Classification number 954.4
Author mark and year TOA V-2 1971
100 1# - MAIN ENTRY--PERSONAL NAME
Personal name Tod, James,
Dates associated with a name 1782-1835.
9 (RLIN) 79676
245 10 - TITLE STATEMENT
Title Annals and antiquities of Rajastʾhan or the Central and Western Rajpoot States of India /
Remainder of title With a pref. by Douglas Sladen.
Number of part/section of a work Volume II
260 ## - PUBLICATION, DISTRIBUTION, ETC. (IMPRINT)
Place of publication, distribution, etc. New Delhi :
Name of publisher, distributor, etc. K.M.N. Publishers,
Date of publication, distribution, etc. 1829 [Reprinted 1971].
300 ## - PHYSICAL DESCRIPTION
Pagination xxxii, 537 p. :
Illustrations ill. ;
Size 22 cm.
500 ## - GENERAL NOTE
General note First published 1829-32.
General note Distributor's statement from mounted label on verso of t.p.
504 ## - BIBLIOGRAPHY, ETC. NOTE
Bibliography, etc Includes bibliographical references and index.
650 #0 - SUBJECT ADDED ENTRY--TOPICAL TERM
Topical term or geographic name as entry element Rajput (Indic people)
General subdivision History.
9 (RLIN) 79677
651 #0 - SUBJECT ADDED ENTRY--GEOGRAPHIC NAME
Geographic name Rajasthan (India)
General subdivision History.
9 (RLIN) 79678
942 ## - ADDED ENTRY ELEMENTS (KOHA)
Source of classification or shelving scheme Dewey Decimal Classification
Koha item type Books
Holdings
Lost status Source of classification or shelving scheme Damaged status Not for loan Collection code Permanent Location Current Location Shelving location Date acquired Source of acquisition Total Checkouts Full call number Date last seen Copy number Koha item type
  Dewey Decimal Classification   Added to bundle Non-fiction Central Library, University of Rajshahi Central Library, University of Rajshahi Reading Room 14/09/1973 K. P. Bagchi & Co.   954.4 TOA V-2 1971 19/03/2014 C-1 Books
  Dewey Decimal Classification     Non-fiction Central Library, University of Rajshahi Central Library, University of Rajshahi   14/09/1973 K.P. Bagchi & Co.   954.4 TOA V-2 1971 02/02/2017 C-2 Books